[Event "Mittelrhein Verbandsliga-W 18/19"]
[Site "Nordrheinwestfalen"]
[Date "2019.05.05"]
[Round "10.7"]
[White "Raabe, Joachim"]
[Black "Huppertz, Andrea"]
[Result "1-0"]
[WhiteElo "1820"]
[BlackElo "1719"]
[PlyCount "161"]
[EventDate "2018.09.02"]
[EventType "team-tourn"]
[EventRounds "11"]
[EventCountry "GER"]
[SourceTitle "EXT 2022"]
[Source "ChessBase"]
[SourceDate "2021.10.06"]
[SourceVersion "1"]
[SourceVersionDate "2021.10.06"]
[SourceQuality "1"]
[WhiteTeam "Bruehl III"]
[BlackTeam "Eschweiler SC"]
[WhiteTeamCountry "GER"]
[BlackTeamCountry "GER"]

1. e4 c5 2. Nc3 d6 3. Bb5+ Bd7 4. Bc4 e6 5. f4 a6 6. a4 Nc6 7. Nf3 Nd4 8. Nxd4 cxd4 9. Ne2 b5 10. Bb3 bxa4 11. Bxa4 Bxa4 12. Rxa4 e5 13. d3 Nf6 14. 0-0 Be7 15. Bd2 0-0 16. Ng3 Qd7 17. b3 Rfc8 18. Nf5 Bf8 19. h3 Rc6 20. g4 g6 21. fxe5 dxe5 22. Nh6+ Bxh6 23. Bxh6 Ne8 24. Rf2 Ra7 25. Kg2 Qc8 26. Ra5 Rc5 27. Rxc5 Qxc5 28. Qa1 Ng7 29. Qa4 Qb5 30. Qa2 Ne6 31. Bd2 a5 32. Kg3 a4 33. b4 Nd8 34. Rf6 Kg7 35. Rd6 Rd7 36. Rxd7 Qxd7 37. Qc4 Qc6 38. Qa2 Qb5 39. Kf3 Nc6 40. Qa3 Kf6 41. g5+ Ke7 42. h4 Ke8 43. Ke2 Na7 44. Kd1 Qd7 45. Kc1 Nc8 46. Kb1 Nb6 47. Ka1 Qg4 48. b5 Qd1+ 49. Qc1 Qxc1+ 50. Bxc1 Kd7 51. Ka2 Kc7 52. Ka3 Kb7 53. Bd2 Nd7 54. Kxa4 Kb6 55. Ba5+ Kb7 56. Kb4 f5 57. gxf6 Nxf6 58. Kc5 h6 59. Bd8 Nh7 60. Kd5 g5 61. Kxe5 g4 62. Kf4 h5 63. e5 Nf8 64. Ke4 Ne6 65. Ba5 Ng7 66. c4 dxc3 67. Bxc3 Kb6 68. d4 Kxb5 69. d5 Kc4 70. Be1 Ne8 71. d6 Ng7 72. Bf2 Ne6 73. Bg3 Kc5 74. Kf5 Kd5 75. Kg6 Ke4 76. Kxh5 Kf3 77. Be1 g3 78. Bxg3 Kxg3 79. Kg6 Kf4 80. Kf6 Nf8 81. e6 1-0

[Event "Mittelrhein Verbandsliga-W 18/19"]
[Site "Nordrheinwestfalen"]
[Date "2019.04.07"]
[Round "9.7"]
[White "Bausch, Bernd"]
[Black "Raabe, Joachim"]
[Result "0-1"]
[WhiteElo "1730"]
[BlackElo "1820"]
[PlyCount "102"]
[EventDate "2018.09.02"]
[EventType "team-tourn"]
[EventRounds "11"]
[EventCountry "GER"]
[SourceTitle "EXT 2022"]
[Source "ChessBase"]
[SourceDate "2021.10.06"]
[SourceVersion "1"]
[SourceVersionDate "2021.10.06"]
[SourceQuality "1"]
[WhiteTeam "Lendersdorf"]
[BlackTeam "Bruehl III"]
[WhiteTeamCountry "GER"]
[BlackTeamCountry "GER"]

1. e4 c5 2. Nf3 a6 3. c3 Nc6 4. d4 cxd4 5. cxd4 d6 6. Nc3 e6 7. a3 Be7 8. Bd3 Nf6 9. 0-0 0-0 10. Qe2 Qb6 11. e5 Ne8 12. Rd1 g6 13. Bh6 Ng7 14. d5 Nxe5 15. Nxe5 dxe5 16. Qxe5 f6 17. Qe2 e5 18. Bc4 Bd6 19. Ne4 Bd7 20. Be3 Qc7 21. Rac1 Qb8 22. Bb3 Ne8 23. Bb6 Rf7 24. h3 Kg7 25. Rc3 Bf5 26. Rdc1 Bc7 27. Bxc7 Rxc7 28. Rxc7+ Nxc7 29. Nd6 Qd8 30. Nxf5+ gxf5 31. Qc4 Ne8 32. Qc5 Qd6 33. Qxd6 Nxd6 34. Rc7+ Kg6 35. Rd7 Ne4 36. d6 Nc5 37. Bf7+ Kg5 38. Rc7 Ne4 39. d7 Rd8 40. Bd5 Nd6 41. Bxb7 Nb5 42. Rc8 Rxd7 43. Bxa6 Rd1+ 44. Kh2 Nd4 45. Rc3 Rd2 46. Kg1 Rxb2 47. a4 Rb1+ 48. Kh2 Rb2 49. Kg1 Ra2 50. Bb5 f4 51. Bd7 Ne2+ 0-1

[Event "Mittelrhein Verbandsliga-W 17/18"]
[Site "Nordrheinwestfalen"]
[Date "2018.03.18"]
[Round "9.7"]
[White "Hueskens, Gerd"]
[Black "Raabe, Joachim"]
[Result "1/2-1/2"]
[WhiteElo "1771"]
[BlackElo "1782"]
[PlyCount "219"]
[EventDate "2017.09.10"]
[EventType "team-tourn"]
[EventRounds "11"]
[EventCountry "GER"]
[SourceTitle "EXT 2022"]
[Source "ChessBase"]
[SourceDate "2021.10.06"]
[SourceVersion "1"]
[SourceVersionDate "2021.10.06"]
[SourceQuality "1"]
[WhiteTeam "Eschweiler SC"]
[BlackTeam "Bruehl III"]
[WhiteTeamCountry "GER"]
[BlackTeamCountry "GER"]

1. d4 d5 2. c4 e6 3. Nf3 c5 4. Nc3 Nc6 5. cxd5 exd5 6. e3 Nf6 7. Bd3 Bg4 8. 0-0 c4 9. Bb1 Be7 10. h3 Bh5 11. e4 0-0 12. e5 Ne8 13. g4 Bg6 14. Ne1 Bxb1 15. Rxb1 f5 16. f4 Bb4 17. Ng2 Nc7 18. Be3 Ne6 19. Ne2 b5 20. a3 Be7 21. Qc2 g6 22. Rbd1 a5 23. Kh2 b4 24. a4 b3 25. Qb1 Nb4 26. Ne1 Bh4 27. Nf3 Nc2 28. Bc1 Be7 29. Ne1 Nxe1 30. Rdxe1 Bb4 31. Rd1 Ng7 32. Kg3 Ra6 33. Bd2 Qd7 34. Qa1 h5 35. g5 Ne6 36. Bc3 Qa7 37. Rf3 Rf7 38. Qc1 Rh7 39. Qd2 Rb7 40. h4 Qb6 41. Rff1 Qc6 42. Ra1 Qd7 43. Rfd1 Nd8 44. Kf3 Nc6 45. Ke3 Qe7 46. Qe1 Qe6 47. Qh1 Ne7 48. Qe1 Nc8 49. Qd2 Qc6 50. Qe1 Qe8 51. Qd2 Nd6 52. Qe1 Rab6 53. Qh1 Ne4 54. Qe1 Qc6 55. Rdc1 Be7 56. Rd1 Ra6 57. Rdc1 Bd8 58. Rd1 Bb6 59. Ra3 Bd8 60. Raa1 Rb8 61. Ra3 Be7 62. Raa1 Kf7 63. Rdc1 Qa8 64. Qh1 Ke6 65. Qe1 Qc6 66. Rd1 Qb6 67. Rdc1 Bb4 68. Rab1 Nxc3 69. Nxc3 Qc6 70. Ra1 Bxc3 71. Qxc3 Rb4 72. Ra3 Rab6 73. Rca1 Rb8 74. Kd2 Ra8 75. Ke3 Rb7 76. Rc1 Qb6 77. Rca1 Qb4 78. Kd2 Rab8 79. Rb1 Qb6 80. Rba1 Qa6 81. Rb1 Rb4 82. Rba1 Qa7 83. Ke3 R4b7 84. Rb1 Qb6 85. Rba1 Qa7 86. Rb1 Rd7 87. Rc1 Qb6 88. Rca1 Rc8 89. Rb1 Qa7 90. Rba1 Rdc7 91. Rc1 Kd7 92. Rd1 Re8 93. Re1 Re6 94. Kd2 Qb6 95. Rc1 Kc8 96. Ke3 Kb7 97. Rd1 Ka6 98. Rc1 Rce7 99. Kf3 Qb4 100. Ke2 Rb7 101. Kd2 Rbe7 102. Rb1 Qb6 103. Re1 Rc7 104. Rc1 Ree7 105. Raa1 Rb7 106. Ra3 Re6 107. Re1 Qa7 108. Rc1 Rb4 109. Rb1 Qd7 110. Rba1 1/2-1/2

[Event "GER-chA Seniors 26th"]
[Site "Bad Neuenahr"]
[Date "2014.08.05"]
[Round "1"]
[White "Raabe, Joachim"]
[Black "Nuenchert, Eveline"]
[Result "1/2-1/2"]
[WhiteElo "2030"]
[BlackElo "2111"]
[PlyCount "38"]
[EventDate "2014.08.05"]
[EventType "swiss"]
[EventRounds "9"]
[EventCountry "GER"]
[SourceTitle "EXT 2018"]
[Source "ChessBase"]
[SourceDate "2017.10.13"]
[SourceVersion "1"]
[SourceVersionDate "2017.10.13"]
[SourceQuality "1"]

1. e4 d5 2. Nc3 dxe4 3. Nxe4 c6 4. Nf3 Bf5 5. Ng3 Bg6 6. Bc4 e6 7. 0-0 Nf6 8. d4 Nbd7 9. c3 Qc7 10. a4 Bd6 11. Ng5 h6 12. Nf3 0-0 13. Nh4 Bh7 14. Bd3 Bxd3 15. Qxd3 Bf4 16. Bxf4 Qxf4 17. Nf3 Rfd8 18. Qe2 a5 19. Rfe1 Qc7 1/2-1/2

[Event "Mittelrhein Verbandsliga Ost 1314"]
[Site "Mittelrhein"]
[Date "2013.12.15"]
[Round "5.4"]
[White "Raabe, Joachim"]
[Black "Gruebner, Christopher"]
[Result "1/2-1/2"]
[WhiteElo "1808"]
[BlackElo "2011"]
[PlyCount "45"]
[EventDate "2013.09.15"]
[EventType "team-tourn"]
[EventRounds "11"]
[EventCountry "GER"]
[SourceTitle "EXT 2023"]
[Source "ChessBase"]
[SourceDate "2022.10.05"]
[SourceVersion "1"]
[SourceVersionDate "2022.10.05"]
[SourceQuality "1"]
[WhiteTeam "Bruehl II"]
[BlackTeam "Rheinbacher SF"]
[WhiteTeamCountry "GER"]
[BlackTeamCountry "GER"]

1. e4 d6 2. Nc3 Nf6 3. f4 g6 4. Nf3 Bg7 5. Bc4 0-0 6. d3 c6 7. Bb3 a5 8. a3 b5 9. 0-0 Bb7 10. Qe1 Nbd7 11. f5 Nc5 12. Qh4 Nxb3 13. cxb3 Qd7 14. Bh6 Nh5 15. Bxg7 Nxg7 16. Qh6 f6 17. fxg6 hxg6 18. Qxg6 Qe8 19. Qh6 Qh5 20. Qxh5 Nxh5 21. Nd4 Ng7 22. Rf2 e5 23. Nf5 1/2-1/2

[Event "Mittelrhein Verbandsliga Ost 1314"]
[Site "Mittelrhein"]
[Date "2013.11.24"]
[Round "4.4"]
[White "Koegler, Christof"]
[Black "Raabe, Joachim"]
[Result "1-0"]
[WhiteElo "1905"]
[BlackElo "1834"]
[PlyCount "101"]
[EventDate "2013.09.15"]
[EventType "team-tourn"]
[EventRounds "11"]
[EventCountry "GER"]
[SourceTitle "EXT 2023"]
[Source "ChessBase"]
[SourceDate "2022.10.05"]
[SourceVersion "1"]
[SourceVersionDate "2022.10.05"]
[SourceQuality "1"]
[WhiteTeam "Godesberg IV"]
[BlackTeam "Bruehl II"]
[WhiteTeamCountry "GER"]
[BlackTeamCountry "GER"]

1. d4 d5 2. Nf3 Bg4 3. e3 c6 4. c4 e6 5. Be2 Nf6 6. 0-0 Nbd7 7. Nc3 Be7 8. b3 0-0 9. Qc2 Qc7 10. Bb2 Bh5 11. Rac1 Bg6 12. Bd3 Bxd3 13. Qxd3 Rac8 14. Rfd1 Qb8 15. e4 dxe4 16. Nxe4 Nxe4 17. Qxe4 Nf6 18. Qe5 Bd6 19. Qe2 Rfe8 20. Rc2 Ng4 21. g3 Nh6 22. Ng5 e5 23. Qd3 g6 24. Re2 f6 25. dxe5 Bxe5 26. Bxe5 Rxe5 27. Rxe5 Qxe5 28. Qd7 fxg5 29. Qxc8+ Kg7 30. Qxb7+ Nf7 31. Qxa7 c5 32. Qd7 Qe2 33. Qd2 Qf3 34. Re1 h5 35. Qd5 Qf6 36. Qxc5 g4 37. Qe7 Qc3 38. Qe3 Qb2 39. a4 Qa2 40. c5 Qc2 41. Rc1 Qf5 42. c6 Ng5 43. c7 Nh3+ 44. Kg2 Qd5+ 45. f3 Ng5 46. c8Q gxf3+ 47. Kf1 Nf7 48. Qcc3+ Kh7 49. Qxf3 Qe6 50. Qc7 Qh3+ 51. Kg1 1-0

[Event "Verbandsliga Mittelrhein-Ost 1213"]
[Site "Germany"]
[Date "2013.04.14"]
[Round "9.8"]
[White "Raabe, Joachim"]
[Black "Benesch, Herbert"]
[Result "1-0"]
[WhiteElo "1849"]
[BlackElo "1679"]
[PlyCount "99"]
[EventDate "2012.09.09"]
[EventType "team"]
[EventRounds "11"]
[EventCountry "GER"]
[SourceTitle "EXT 2015"]
[Source "ChessBase"]
[SourceDate "2014.11.20"]
[SourceVersion "1"]
[SourceVersionDate "2014.11.20"]
[SourceQuality "1"]
[WhiteTeam "Bruehl II"]
[BlackTeam "Siegburg"]
[WhiteTeamCountry "GER"]
[BlackTeamCountry "GER"]

1. e4 g6 2. Nc3 Bg7 3. Bc4 d6 4. f4 e6 5. Nf3 Ne7 6. d3 0-0 7. 0-0 a6 8. Qe1 Nd7 9. Qh4 Nb6 10. Bb3 Nc6 11. Qh3 Nd4 12. Ng5 h6 13. Nf3 Nxb3 14. axb3 d5 15. e5 c5 16. g4 Nd7 17. Bd2 b5 18. Nxb5 Nb6 19. Nd6 d4 20. Ba5 Rb8 21. Nc4 Qc7 22. Nfd2 Qc6 23. Nxb6 Rxb6 24. Bxb6 Qxb6 25. Nc4 Qc6 26. Qf3 Qc7 27. Nd6 Rd8 28. Nxc8 Qxc8 29. Ra4 Rd7 30. Rfa1 Ra7 31. Kg2 Bf8 32. h4 Be7 33. Kh3 Kg7 34. Qe4 Bd8 35. Rg1 Kh8 36. Rf1 Qd7 37. f5 Qe7 38. f6 Qd7 39. Rfa1 a5 40. c3 Bb6 41. cxd4 cxd4 42. Rc4 Qb5 43. b4 a4 44. Qc6 Qd5 45. Qxd5 exd5 46. Rc6 Bc7 47. e6 fxe6 48. Rxe6 Bf4 49. Re8+ Kh7 50. Re7+ 1-0

[Event "Mittelrhein-chT 1112"]
[Site "Germany"]
[Date "2011.10.23"]
[Round "3.8"]
[White "Raabe, Joachim"]
[Black "Schniggenberg, Gerd"]
[Result "1/2-1/2"]
[WhiteElo "1842"]
[BlackElo "1905"]
[PlyCount "25"]
[EventDate "2011.09.11"]
[EventType "team-tourn"]
[EventRounds "13"]
[EventCountry "GER"]
[SourceTitle "EXT 2013"]
[Source "ChessBase"]
[SourceDate "2012.11.22"]
[SourceVersion "1"]
[SourceVersionDate "2012.11.22"]
[SourceQuality "1"]
[WhiteTeam "Bruehl II"]
[BlackTeam "Godesberg III"]
[WhiteTeamCountry "GER"]
[BlackTeamCountry "GER"]

1. e4 e6 2. d4 d5 3. exd5 exd5 4. Nf3 Bd6 5. Bd3 Ne7 6. 0-0 0-0 7. Bg5 f6 8. Bh4 Bf5 9. Bg3 Nbc6 10. c3 Qd7 11. Qc2 Bxd3 12. Qxd3 Nf5 13. Bxd6 1/2-1/2

[Event "Mittelrhein Verbandsliga-O 1112"]
[Site "Germany"]
[Date "2011.10.09"]
[Round "2"]
[White "Raabe, Joachim"]
[Black "Bartl, Dirk"]
[Result "1/2-1/2"]
[WhiteElo "1842"]
[BlackElo "1804"]
[PlyCount "41"]
[EventDate "2011.09.18"]
[EventType "team-tourn"]
[EventRounds "11"]
[EventCountry "GER"]
[SourceTitle "EXT 2013"]
[Source "ChessBase"]
[SourceDate "2012.11.22"]
[SourceVersion "1"]
[SourceVersionDate "2012.11.22"]
[SourceQuality "1"]
[WhiteTeam "Bruehl III"]
[BlackTeam "Siegburg"]
[WhiteTeamCountry "GER"]
[BlackTeamCountry "GER"]

1. e4 e6 2. d4 d5 3. exd5 exd5 4. Bd3 Bd6 5. Nf3 Ne7 6. 0-0 Bg4 7. Bg5 f6 8. Bh4 Nbc6 9. c3 Qd7 10. Nbd2 0-0-0 11. b4 g5 12. Bg3 Ng6 13. a4 Nf4 14. Bb5 h5 15. a5 a6 16. Ba4 Rde8 17. Bxf4 Bxf4 18. b5 axb5 19. Bxb5 Bxd2 20. Qxd2 Bxf3 21. gxf3 1/2-1/2

[Event "GER-ch Seniors 23rd"]
[Site "Halle"]
[Date "2011.08.08"]
[Round "4"]
[White "Kienel, Norbert"]
[Black "Raabe, Joachim"]
[Result "1-0"]
[WhiteElo "1898"]
[BlackElo "1972"]
[PlyCount "65"]
[EventDate "2011.08.05"]
[EventType "swiss"]
[EventRounds "9"]
[EventCountry "GER"]
[SourceTitle "CBM 144 Extra"]
[Source "ChessBase"]
[SourceDate "2011.10.28"]
[SourceVersion "1"]
[SourceVersionDate "2011.10.28"]
[SourceQuality "1"]

1. d4 c5 2. Nf3 e6 3. c4 cxd4 4. Nxd4 Nc6 5. Nc3 a6 6. e3 Nf6 7. Bd3 Nb4 8. Bb1 Qc7 9. a3 Nc6 10. 0-0 Ne5 11. b3 d5 12. f4 Nc6 13. f5 Nxd4 14. exd4 Bd6 15. g3 Bxg3 16. Qe2 Bd6 17. fxe6 fxe6 18. Nxd5 Qf7 19. c5 Bc7 20. Bg5 Bd8 21. Bxf6 gxf6 22. Nb6 Bxb6 23. cxb6 Qd7 24. Qh5+ Qf7 25. Qf3 f5 26. Bd3 Rg8+ 27. Kh1 Qd7 28. Bc4 Qxd4 29. Rae1 Qxb6 30. Qxf5 Qc6+ 31. Bd5 Qc7 32. Bxe6 Bxe6 33. Qxe6+ 1-0

[Event "GER-ch Seniors 23rd"]
[Site "Halle"]
[Date "2011.08.06"]
[Round "2"]
[White "Bartle, Georg"]
[Black "Raabe, Joachim"]
[Result "0-1"]
[WhiteElo "1794"]
[BlackElo "1972"]
[PlyCount "92"]
[EventDate "2011.08.05"]
[EventType "swiss"]
[EventRounds "9"]
[EventCountry "GER"]
[SourceTitle "CBM 144 Extra"]
[Source "ChessBase"]
[SourceDate "2011.10.28"]
[SourceVersion "1"]
[SourceVersionDate "2011.10.28"]
[SourceQuality "1"]

1. b4 e6 2. Bb2 Nf6 3. a3 d5 4. e3 a5 5. b5 c5 6. c4 b6 7. Nf3 Bb7 8. d4 Nbd7 9. Nbd2 Rc8 10. Rc1 Bd6 11. Be2 0-0 12. 0-0 Qe7 13. Qb3 Rfe8 14. Ne5 cxd4 15. exd4 dxc4 16. Bxc4 Nd5 17. Ne4 N7f6 18. Nxd6 Qxd6 19. Bd3 Nf4 20. f3 Bd5 21. Qd1 Nxd3 22. Qxd3 a4 23. Nc4 Qb8 24. Nd2 Qb7 25. Rc3 Rxc3 26. Bxc3 Rc8 27. Rc1 h6 28. Kf2 Rc7 29. Bb2 Rxc1 30. Bxc1 Qc7 31. Bb2 Qxh2 32. Qf1 Nh5 33. Qg1 Qg3+ 34. Kf1 Nf4 35. Qf2 Qxf2+ 36. Kxf2 Nd3+ 37. Ke2 Nxb2 38. Ne4 Bc4+ 39. Kd2 Bxb5 40. Nd6 Nc4+ 41. Nxc4 Bxc4 42. f4 h5 43. g4 f6 44. Kc3 b5 45. Kd2 Kf7 46. Kc3 Kg6 0-1

[Event "Sachsen-Anhalt-ch Seniors 19th"]
[Site "Osterburg"]
[Date "2011.06.05"]
[Round "1"]
[White "Priss, Wolfgang"]
[Black "Raabe, Joachim"]
[Result "0-1"]
[WhiteElo "1409"]
[BlackElo "1873"]
[PlyCount "54"]
[EventDate "2011.06.05"]
[EventType "swiss"]
[EventRounds "7"]
[EventCountry "GER"]
[SourceTitle "EXT 2013"]
[Source "ChessBase"]
[SourceDate "2012.11.22"]
[SourceVersion "1"]
[SourceVersionDate "2012.11.22"]
[SourceQuality "1"]

1. e4 c5 2. Nc3 a6 3. a4 Nc6 4. Nf3 e6 5. Be2 b6 6. d3 Bb7 7. Bf4 d6 8. Qd2 Be7 9. h3 Nf6 10. 0-0 0-0 11. Rfe1 Qc7 12. g4 Nd4 13. Be3 Nxe2+ 14. Nxe2 e5 15. c4 Bc6 16. Nc3 Rab8 17. Nd5 Nxd5 18. exd5 Bd7 19. Bg5 f6 20. Bh4 Rf7 21. Kh2 g6 22. b4 Rbf8 23. b5 Ra8 24. a5 axb5 25. axb6 Qb7 26. Rxa8+ Qxa8 27. cxb5 Bd8 0-1